Η εφαρμογή του θεσμού του ολοήμερου τμήματος στο δημοτικό σχολείο

Στο ελληνικό εκπαιδευτικό γίγνεσθαι της χώρας η εκπαίδευση στα ολοήμερα σχολεία αποτελεί πραγματικότητα από το 1997. Σκοπός της παρούσας έρευνας είναι η καταγραφή και η διερεύνηση των απόψεων των εκπαιδευτικών που εργάζονται ή έχουν εργαστεί στο παρελθόν σε ολοήμερο τμήμα σχετικά με τη λειτουργία το...

Full description

Saved in:
Bibliographic Details
Main Author: Σκοπελίτου, Αντωνία
Corporate Author: Πανεπιστήμιο Αιγαίου Σχολή Κοινωνικών Επιστημών Τμήμα Κοινωνιολογίας Μεταπτυχιακό Πρόγραμμα Σπουδών Έρευνα για την Τοπική Κοινωνική Ανάπτυξη και Συνοχή
Format: Thesis Book
Language:Greek
Published: 2016.
Subjects:
Online Access:http://hdl.handle.net/11610/17464
Tags: Add Tag
No Tags, Be the first to tag this record!

MARC

LEADER 00000cam a2200000 a 4500
001 1/114901
008 170913s2016####gr | ||| |||| ||gre||
040 |a GR-MyUa  |b gre  |c GR-MyUa  |e AACR2 
041 0 |a gre 
082 7 |a 371.244  |2 (23) 
100 1 |a Σκοπελίτου, Αντωνία. 
245 1 2 |a Η εφαρμογή του θεσμού του ολοήμερου τμήματος στο δημοτικό σχολείο /   |c επιβλέπων καθηγητής: Γιαβρίμης Παναγιώτης ; μεταπτυχιακή φοιτήτρια: Σκοπελίτου Αντωνία.  
260 |c 2016.  
300 |a 203 σ. :   |b πιν. ;   |c 30 εκ.  
500 |a Περιλαμβάνει παράρτημα με συνεντεύξεις.  
502 |a Διατριβή (μεταπτυχιακή) - Πανεπιστήμιο Αιγαίου, Λέσβος, 2016.  
504 |a Περιλαμβάνει βιβλιογραφίες.  
506 0 |a Ηλεκτρονική διάθεση στο πλήρες κείμενο - ελεύθερης πρόσβασης.  
520 8 |a Στο ελληνικό εκπαιδευτικό γίγνεσθαι της χώρας η εκπαίδευση στα ολοήμερα σχολεία αποτελεί πραγματικότητα από το 1997. Σκοπός της παρούσας έρευνας είναι η καταγραφή και η διερεύνηση των απόψεων των εκπαιδευτικών που εργάζονται ή έχουν εργαστεί στο παρελθόν σε ολοήμερο τμήμα σχετικά με τη λειτουργία του θεσμού. Πιο συγκεκριμένα η εργασία επικεντρώνεται στον παιδαγωγικό, κοινωνικό και αντισταθμιστικό ρόλο του ολοήμερου, στο ρόλο του εκπαιδευτικού του ολοήμερου τμήματος, στο ρόλο που διαδραματίζει η Πολιτεία, στα προβλήματα που ανακύπτουν αλλά και στις προτάσεις για τη βελτίωση του θεσμού. Για την διεξαγωγή της συγκεκριμένης έρευνας χρησιμοποιείται η μέθοδος της ημιδομημένης συνέντευξης, με την οποία συγκεντρώνεται πλούσιο σχετικό εμπειρικό υλικό. Το δείγμα της έρευνας αποτελούν δεκαπέντε συνάδελφοι εκπαιδευτικοί της πρωτοβάθμιας εκπαίδευσης με διδακτική εμπειρία σε ολοήμερα σχολεία, οι στάσεις και οι αντιλήψεις των οποίων απαντούν στα ερευνητικά μας ερωτήματα. Η έρευνα καταλήγει στην άποψη ότι ενώ το ολοήμερο σχολείο διαδραματίζει πολύ σπουδαίο ρόλο στην ολόπλευρη ανάπτυξη της προσωπικότητας του μαθητή αλλά και η συμβολή του στην κοινωνία είναι μεγάλη, εντούτοις ο θεσμός υπολειτουργεί καθώς τα προβλήματα που έχουν να αντιμετωπίσουν οι εκπαιδευτικοί είναι πολλά και η Πολιτεία δε βοηθάει στην επίλυσή τους. Προτείνεται η χορήγηση των απαραίτητων κονδυλίων, η έγκαιρη στελέχωση και επιμόρφωση των εκπαιδευτικών, αλλαγές στο θεσμικό πλαίσιο και αλλαγή στα στερεότυπα που επικρατούν για τη λειτουργία του θεσμού. 
540 |a Κλειδωμένη η δυνατότητα αντιγραφής (copy) από το ηλεκτρονικό κείμενο.  
650 0 |a School day  |z Greece. 
650 0 |a Education, Elementary. 
650 0 |a Teachers  |x Attitudes. 
700 1 |a Γιαβρίμης, Παναγιώτης,  |e dgs 
710 2 |a Πανεπιστήμιο Αιγαίου  |b Σχολή Κοινωνικών Επιστημών  |b Τμήμα Κοινωνιολογίας  |b Μεταπτυχιακό Πρόγραμμα Σπουδών Έρευνα για την Τοπική Κοινωνική Ανάπτυξη και Συνοχή. 
852 |a INST  |b LESVOS  |c DIATR  |e 20170913  |h 340  |p 005100059906  |q 005100059906  |t MTXE  |y 23 
856 |u http://hdl.handle.net/11610/17464 
924 |a Σκοπελίτου   |b Αντωνία  |y Λέσβος  |z 2016-11 
970 |a Πατσή   |b Ανθίππη  |z 13-09-2017